000 00685nmm a2200217Ia 4500
008 251105s9999||||xx |||||||||||||||||und||
020 _a9788437095837
041 _aspa
100 _aAmoraga Toledo, Carmen
245 0 _aCrónica del bienestar en tiempos de malestar
264 _a[Madrid, España] :
_bPublicaciones de la Universidad de Valencia (PUV),
_c2014
300 _a142 páginas
490 _aFora de Col·lecció
650 _aSociology
700 _aAmoraga Toledo, Carmen
700 1 _a García Roca, Ximo
700 1 _a Zaragoza Pascual, Gustavo
700 1 _a Ortiz Fuster, Antonio
856 _uhttps://public.digitaliapublishing.com/a/34943
942 _cCF
999 _c61915
_d61915